000 00374nam a2200157Ia 4500
008 160316s1994 xxu||||| |||| 00| 0 eng d
082 _a320.500000
_bCHO
100 _aChopra V D
245 _aReligions fundamentalism in Asia
250 _a
260 _aNew Delhi
_bGyan Publishing House
_c1994
300 _a294p
_b
_c
365 _bRs.350/-
650 _a
700 _a
_a
999 _c8050
_d8050